000 00634nam a2200181 a 4500
005 20111208154848.0
020 _a9788183851909
_c55.00
037 _bBlueberry Books
100 _aBarua, Arpita
_936654
245 _aThumbelina /
_cretold by Arpita Barua; illustrated by Pobitra
260 _aNOIDA
_bHello Friend
_c2006
270 _aA-81, Sector V
_bNOIDA
_e201301
300 _aunpaged
_c15cm(Hb)
_bill.
700 _aPobitra
_936655
856 _3Table of contents
_uhttp://www.loc.gov/catdir/toc/ecip0516/2005020735.html
942 _2ddc
_cCH
_mBAR
999 _c59145
_d59145